Statistics for Famous Chess Players

Click here to take the quiz!

General Stats

  • This quiz has been taken 201 times
  • The average score is 9 of 15

Answer Stats

DescriptionAnswer% Correct
His peak classical rating of 2882 is the highest in historyMagnus Carlsen
98%
He famously lost to IBM's Deep Blue in 1997Garry Kasparov
90%
The only American World Chess Champion; his psychological condition significantly deteriorated in his later yearsBobby Fischer
87%
Five time United States champion turned Twitch streamerHikaru Nakamura
81%
The first Chinese player to cross 2800; he once held the record for the longest unbeaten streak in classical chessDing Liren
78%
Widely considered the strongest female chess player of all time, reaching a peak ranking of no. 8Judit Polgár
72%
Spanish Catholic priest who is best known for an opening which bears his nameRuy López de Segura
70%
"The Magician from Riga"Mikhail Tal
69%
The only World Champion to have died while holding the titleAlexander Alekhine
51%
2016 World Championship challenger; he previously held the record for youngest grandmaster, having achieved the title at 12 years, 7 monthsSergey Karjakin
50%
19th century Englishman whose preferred chess set design is now the worldwide standardHoward Staunton
37%
His "Immortal Game" and "Evergreen Game" featured brilliant sacrificial attacking playAdolf Anderssen
33%
10-time World Championship challenger who never became World ChampionViktor Korchnoi
26%
His book "Zurich International Chess Tournament 1953" is widely considered one of the greatest chess books ever written.David Bronstein
19%
Dane who pioneered hypermodern opening systemsAron Nimzowitsch
15%

Score Distribution

Percentile by Number Answered

Percent of People with Each Score

Your Score History

You have not taken this quiz